Pays d'Amérique en Sports collectifs (Mort subite) - Statistiques

Statistiques générales
  • Ce quiz a été pris 143 fois
  • Le résultat moyen est 16 sur 24
Answers on the Grid
Answers color-coded by a green-red scale on the quiz's grid according to % correct below.
Antigua-et-Barbuda
Argentine
Bahamas
Barbade
Belize
Bolivie
Brésil
Canada
Chili
Colombie
Costa Rica
Cuba
Dominique
Equateur
Etats-Unis
Grenade
Groenland
Guatemala
Guyana
Haïti
Honduras
Jamaïque
Mexique
Nicaragua
Panama
Paraguay
Pérou
Porto Rico
République Dominicaine
Saint-Christophe-et-Niévès
Saint-Vincent-et-les-Grenadines
Sainte-Lucie
Salvador
Suriname
Trinité-et-Tobago
Uruguay
Venezuela
 
Statistiques - réponses
Réponse % Correct
Foot, Rugby, Basket, Hand, Volley, Hockey sur Gazon, Water-Polo Argentine
96%
Foot, Basket, Hand, Volley, Water-Polo Brésil
94%
Foot, Rugby, Basket, Hand, Volley, Hockey sur Glace, Water-Polo Canada
92%
Foot, Rugby, Basket, Hand, Volley, Hockey sur Glace, Water-Polo Etats-Unis
92%
Foot, Rugby, Basket, Hand, Volley, Hockey sur Gazon Chili
90%
Foot, Basket, Volley, Water-Polo Colombie
87%
Foot, Basket Equateur
85%
Foot, Basket, Water-Polo Mexique
84%
Foot, Rugby, Basket, Hand, Volley Uruguay
82%
Foot Bolivie
77%
Foot Costa Rica
77%
Foot, Hand, Volley, Water-Polo Cuba
73%
Foot, Basket, Volley Paraguay
71%
Foot, Volley Pérou
71%
Foot Jamaïque
68%
Basket, Volley Venezuela
65%
Foot Honduras
64%
Foot, Basket, Volley Panama
59%
Foot Haïti
34%
Basket, Volley République Dominicaine
33%
Foot Salvador
29%
Foot Trinité-et-Tobago
28%
Basket, Volley Porto Rico
24%
Hand Groenland
9%
Aucun quiz correspondant
Distribution des résultats
% des personnes avec chaque résultat
Percentile par nombre de réponses
Votre historique - résultats
Vous n’avez pas pris ce quiz